MARC

LEADER 00000nam0a2200000 4500
001 92960
005 20231101213845.0
035 |a (RuTPU)RU\TPU\book\99568 
090 |a 92960 
100 |a 20060322d1988 ekmy0rusy50 ca 
101 0 |a rus 
102 |a RU 
105 |a ab g 001zy 
200 1 |a Народы мира  |e историко-этнографический справочник  |f Научно-редакционный совет издательства "Советская энциклопедия" ; Академия наук СССР (АН СССР), Институт этнографии им. Н. Н. Миклухо-Маклая (ИЭ) ; гл. ред. Ю. В. Бромлей 
210 |a Москва  |c Советская энциклопедия  |d 1988 
215 |a 624 с.  |c ил. 
320 |a Указ. в конце кн.: с. 605 -624 
606 1 |a Этнология  |2 stltpush  |3 (RuTPU)RU\TPU\subj\68448  |9 83759 
610 1 |a справочники 
610 1 |a народы мира 
610 1 |a история 
610 1 |a СССР 
610 1 |a этносы 
610 1 |a 19 век 
610 1 |a 20 век 
686 |a Я20  |v LBC/SL-A  |2 rubbk 
686 |a Т5  |v LBC/SL-A  |2 rubbk 
702 1 |a Бромлей  |b Ю. В.  |4 651 
712 0 2 |a Научно-редакционный совет издательства "Советская энциклопедия" 
712 0 2 |a Академия наук СССР (АН СССР)  |b Институт этнографии им. Н. Н. Миклухо-Маклая (ИЭ)  |c (Москва)  |c (1937-1991)  |2 stltpush  |3 (RuTPU)RU\TPU\col\14703 
801 1 |a RU  |b 63413507  |c 20060322  |g PSBO 
801 2 |a RU  |b 63413507  |c 20141017  |g PSBO 
942 |c BK